| 000 | 00980cam a2200277 a 4500 | ||
|---|---|---|---|
| 008 | |||
| 020 | _a008027093X (paperbook ) | ||
| 090 |
_aRC78.7 _bCON |
||
| 245 | 0 |
_aContinuing educational module: Radionuclide imaging, Cinical operations of radionuclide imaging unit A2/A3/ _c contributed by Chris Whiteside [and] Jackie Langford. |
|
| 260 |
_aOxford : _bPergamon Press, _c1983. |
||
| 300 |
_axi, 307 pages. : _billustrations. ; _c24 cm |
||
| 336 | 0 | 0 |
_a text _btxt _2rdacontent |
| 337 |
_aunmediated _bn _2rdamedia |
||
| 338 |
_avolume _bnc _2rdacarrier |
||
| 504 | _aIncludes bibliographical references. | ||
| 650 | 0 |
_aRadioisotopes scanning _xCongresses. |
|
| 650 | 0 |
_aTomography, Emission _xCongresses. |
|
| 700 | 1 | _aKuhl, David E. | |
| 740 | 0 | _aRadionuclide imaging. | |
| 907 |
_a.b10397760 _b22-05-19 _c26-04-19 |
||
| 003 | |||
| 005 | 20230123141140.0 | ||
| 040 | _cNUST | ||
| 049 | _aMAIN | ||
| 942 |
_cBOOKS _kRC78.7 _mCON |
||
| 999 |
_c168508 _d168508 |
||